A pageant of the theatre.

Bibliographic Details
Main Author: Fuller, Edmund, 1914-2001
Format: Book
Language:English
Published: New York : Crowell, [1965]
Edition:New rev. ed.
Subjects:

MARC

Tag First Indicator Second Indicator Subfields
LEADER 00000cam a2200000 4500
001 in00000730149
005 20151016072044.0
008 720614s1965 nyuac b 00000 eng
010 |a  65018698  
035 |a (OCoLC)00331686 
035 |9 ADE6055AM 
040 |a DLC  |c WSU  |d OCL  |d TXA  |d UtOrBLW 
049 |a TXAM  |c [520497] 
050 0 |a PN2101  |b .F75 1965 
082 0 |a 792.09 
092 |a 792.09  |b F965p 
100 1 |a Fuller, Edmund,  |d 1914-2001. 
245 1 2 |a A pageant of the theatre. 
250 |a New rev. ed. 
264 1 |a New York :  |b Crowell,  |c [1965] 
300 |a x, 295 pages :  |b illustrations, portraits ;  |c 23 cm. 
336 |a text  |b txt  |2 rdacontent 
337 |a unmediated  |b n  |2 rdamedia 
338 |a volume  |b nc  |2 rdacarrier 
504 |a Bibliography: pages 284-285. 
650 0 |a Theater  |x History. 
650 0 |a Drama  |x History and criticism. 
999 |a MARS 
999 f f |s 86541716-61c8-3809-90a0-c6285d800db4  |i 2c7083b6-791d-3b16-9128-8842895d4b41  |t 0 
952 f f |p ric  |a Texas A&M University  |b Rellis Campus  |c Joint Library Facility  |d Remote Storage  |t 0  |e PN2101 .F75 1965  |h Library of Congress classification  |i unmediated -- volume  |m A14801179168 
998 f f |a PN2101 .F75 1965  |t 0  |l Remote Storage